Fundamentals of electric circuits

Guardat en:
Dades bibliogràfiques
Format: Llibre
Idioma:English
Publicat: McGraw-Hill Higher Education 2004
Matèries:
Etiquetes: Afegir etiqueta
Sense etiquetes, Sigues el primer a etiquetar aquest registre!
Thư viện lưu trữ: Mạng thư viện Đại học Đà Nẵng
LEADER 00947nam a2200289 a 4500
001 000002766
003 03647
005 20171229145311.0
008 171229s2004 eng
040 |a LSK 
041 0 |a ENG 
082 0 |a 621.31924  |b AL-C 
245 0 0 |a Fundamentals of electric circuits  |c Charles K. Alexander, Matthew N.O. Sadiku. 
260 |b McGraw-Hill Higher Education  |c 2004 
653 |a Electric circuits 
852 |a Phòng Đọc 
901 |a 1 
927 |a Sách tham khảo 
OWN |a LSK 
AVA |a UDN50  |b LSK  |d 621.31924 AL-C  |e available  |t Error 5001 Not defined in file expand_doc_bib_avail.  |f 1  |g 0  |h N  |i 0  |k 1 
999 |a From the UDN01 
AVA |a UDN50  |b LSK  |d 621.31924 AL-C  |e available  |t Error 5001 Not defined in file expand_doc_bib_avail.  |f 1  |g 0  |h N  |i 0  |k 1 
TYP |a Monograph 
TYP |a Printed language 
980 |a Mạng thư viện Đại học Đà Nẵng